00578nam a2200193Ia 450000500170000000800410001704000190005804100120007708200160008910000260010524500500013126000330018130000100021465000230022485000100024794200070025799900170026495201030028120230315090644.0131103s9999 xx 000 0 und d aLoreto College aEnglish a891.44bGHO aGhosh, Jitendra Kumar aGreek tragedir tin kobicJitendra Kumar Ghosh aCalcuttabMadhu-Moloyc[19-] a128p  aBengali Literature aLCLIB cBK c19854d70333 00102ddc4070aMAINbMAINd2013-11-04l0o891.44 GHO 24623pB21589r2013-11-04w2013-11-04yBKf